| 000 -LEADER |
| fixed length control field |
00706nam a22001937a 4500 |
| 001 - CONTROL NUMBER |
| control field |
1564 |
| 003 - CONTROL NUMBER IDENTIFIER |
| control field |
BD-DhUAP |
| 005 - DATE AND TIME OF LATEST TRANSACTION |
| control field |
20210107143317.0 |
| 008 - FIXED-LENGTH DATA ELEMENTS--GENERAL INFORMATION |
| fixed length control field |
210107s1996 bg |||| |||| 000 0 ben d |
| 040 ## - CATALOGING SOURCE |
| Original cataloging agency |
BD-DhUAP |
| Language of cataloging |
Ben |
| Transcribing agency |
BD-DhUAP |
| Modifying agency |
BD-DhUAP |
| 082 ## - DEWEY DECIMAL CLASSIFICATION NUMBER |
| Edition number |
23 |
| Classification number |
297 MIA |
| 100 ## - MAIN ENTRY--PERSONAL NAME |
| Personal name |
মিয়া, ছিদ্দিকুর রহমান। |
| 245 ## - TITLE STATEMENT |
| Title |
নামাজ ও আমরা / |
| Statement of responsibility, etc. |
ছিদ্দিকুর রহমান মিয়া। |
| 250 ## - EDITION STATEMENT |
| Edition statement |
২য় সং.। |
| 260 ## - PUBLICATION, DISTRIBUTION, ETC. |
| Place of publication, distribution, etc. |
ঢাকা : |
| Name of publisher, distributor, etc. |
খোশরোজ কিতাব মহল, |
| Date of publication, distribution, etc. |
c১৯৯৬। |
| 300 ## - PHYSICAL DESCRIPTION |
| Extent |
১৩২ পৃষ্ঠা ; |
| Dimensions |
২৪ সেমি. |
| 650 ## - SUBJECT ADDED ENTRY--TOPICAL TERM |
| Topical term or geographic name entry element |
Islamic religion. |
| 942 ## - ADDED ENTRY ELEMENTS (KOHA) |
| Source of classification or shelving scheme |
|
| Koha item type |
Book |